Phục sinh

Zapisane w:
Opis bibliograficzny
1. autor: Phục sinh
Format: Książka
Język:Undetermined
Wydane: Hà Nội Hội Nhà Văn 2001
Hasła przedmiotowe:
Etykiety: Dodaj etykietę
Nie ma etykietki, Dołącz pierwszą etykiete!
Thư viện lưu trữ: Trung tâm Học liệu Trường Đại học Cần Thơ
LEADER 00543nam a2200169Ia 4500
001 CTU_48547
008 210402s9999 xx 000 0 und d
082 |a 891.733 
082 |b T 
100 |a Phục sinh 
245 0 |a Phục sinh 
245 0 |c Phục sinh, Liev Tolstoy; Dịch giả: Vũ Đình Phòng, Phùng Uông 
260 |a Hà Nội 
260 |b Hội Nhà Văn 
260 |c 2001 
650 |a russian fiction - 19th century,russian literature - 19th century 
980 |a Trung tâm Học liệu Trường Đại học Cần Thơ